What Words Can You Make: Iowa - Statistics

General Stats
  • This quiz has been taken 17 times
  • The average score is 4 of 5
Answer Stats
Letters Answer % Correct
1 A
100%
1 I
88%
2 Aw
75%
2 Ow
75%
2 Oi
50%
No matching quizzes found
Score Distribution
Percent of People with Each Score
Percentile by Number Answered
Your Score History
You have not taken this quiz